| 000 | 00547cam a2200193 4500 | ||
|---|---|---|---|
| 005 | 20170601112502.0 | ||
| 008 | 170601 ag spa | ||
| 050 | 4 |
_aHX833 _bR43 |
|
| 100 | 1 | _aReclus, Eliseo | |
| 245 | 0 |
_aEvolucion y revolucion / _cEliseo Reclus ; Version de a. Gregori. |
|
| 250 | _a1a ed. | ||
| 260 |
_aBuenos Aires : _bTor, |
||
| 300 |
_a158 p. ; _c17 cm. |
||
| 490 | 0 |
_aNueva Biblioteca Filosofica tor ; _v 22 |
|
| 500 | _a | ||
| 650 | 4 | _aAnarquismo y anarquistas | |
| 700 | 1 |
_aGregori, a., _evers |
|
| 942 |
_2lcc _cLIB |
||
| 999 |
_c108614 _d108614 |
||